000 00325nam a22001217a 4500
040 _cSK
082 _a631
100 _aត្រាន់ ថាន់កាញ់
245 _aPedologie generale; ធរណិវិទ្យាទូទៅ
260 _aPhnom Penh
_bត្រាន់
_c1992
300 _a145p.
942 _cKB
999 _c9537
_d9537